000
00278nam a2200109Ia 4500
008
190914s9999||||xx |||||||||||||| ||und||
100
_a
Bowen, Earl
245
0
_a
Basic statistics For Business And Economics
260
_a
New Delhi
_b
Viva Books
_c
2001
300
_a
143
942
_c
BK
999
_c
8843
_d
8843